00442nam a2200169Ia 4500003000400000005001700004008004100021020002200062040000700084041000800091082002200099100001700121245006100138260003600199300001700235650002000252OSt20230417171407.0210423s2008 xx 000 0 und d a978-0-470-18076-1 cAL aeng a299.93 223bVITK aVITALE (Joe) aKey: the missing secret for attracting anything you want aCanadabJohn Wiley & Sonsc2008 axvii,204bHB aOther Religions